000 00561cam a2200217 4500
001 ABS67056
008 030930n2003 000 0 eng u
035 _a(Sirsi) u123780
245 _aFocus 2003: Scotland
260 _c2003
490 _aEstates Gazette
_v(0339) 27 September 2003, 75-91(8)
590 _aABS
650 _aSCOTLAND
650 _aGRADUATE RECRUITMENT
650 _aOFFICES
650 _aDEVELOPMENT
650 _aINDUSTRIAL
650 _aRETAIL
690 _aPROPERTY-COMMERCIAL PROPERTY-COMMERCIAL PROPERTY MARKET
942 _n0
999 _c73504
_d73504